00551 a2200193 4500010001400000020002300014035001300037037001400050082001100064100001800075245006900093250001200162260004400174270004800218300003300266500001900299700002000318700001900338 aENG-86098 a8120330323c325.00 aEN-69631 bDBAD/ PUB14a658.841 aStrauss, Judy1 aE-marketing /cby Judy Strauss, Adel El-Ansary and Raymond Frost a4th ed. aNew DelhibPrentice Hall of Indiac2006 aM-97, Cannaught Circus,bNew Delhie110 001 axxiii, 456 p.c24 cm. (Pbk.) aIncludes index1 aEl-Ansary, Adel1 aFrost, Raymond